Osobennosti ispol'zovanija cvetogo komponenta v opisanni čeloveka: sravnenije russkich i slovackich narodnych skazok

Podrobná porovnávacia analýza používania názvov farieb pri opise a charakterizácii ľudí ako postáv v ruských a slovenských rozprávkach. Prítomnosť špecifických sémantických prvkov v lexikálnom význame ruských a slovenských názvov farieb, ako aj rozdiely v ich kolokácii v porovnávaných jazykoch.

Salvato in:
Dettagli Bibliografici
Autore principale: Uličná, Martina, 1971-
Natura: Capitolo di libro
Lingua:russo
Soggetti:
Tags: Aggiungi Tag
Nessun Tag, puoi essere il primo ad aggiungerne!!

MARC

LEADER 00000naa$a2200000$$$4500
001 0313799
005 20260109115709.6
041 0 |a rus 
044 |a RU 
245 1 0 |a Osobennosti ispol'zovanija cvetogo komponenta v opisanni čeloveka: sravnenije russkich i slovackich narodnych skazok  |c Martina Uličná 
520 |a Podrobná porovnávacia analýza používania názvov farieb pri opise a charakterizácii ľudí ako postáv v ruských a slovenských rozprávkach. Prítomnosť špecifických sémantických prvkov v lexikálnom význame ruských a slovenských názvov farieb, ako aj rozdiely v ich kolokácii v porovnávaných jazykoch. 
610 2 0 |a farby 
610 2 0 |a literatúra 
610 2 0 |a kultúra 
610 2 0 |a analýza komparatívna 
610 2 0 |a sémantika 
610 2 0 |a ruština 
610 2 0 |a slovenčina 
100 1 |a Uličná, Martina, 1971-